000 00500nam a2200181Ia 4500
003 LK-CoDNM
008 010623t2003 xxu||||| |||| 00| 1 sin d
040 _aLK-CoDNM
_dLK-CoDNM
_eLK-CoDNM
041 _asin
080 _a745
_bPAT
100 _aPathiraja, Samarakoon
245 _aසිංහල සැරසිලි මෝස්තර කලාව
246 _aSinhala serasili mosthara kalava
260 _bS.Godage
_aColombo
_c2003
300 _b80, 22 cm
650 _aArts
942 _cBK
999 _c123298
_d123298